| 000 | 00436cam a2200181ua 4500 | ||
|---|---|---|---|
| 001 | 1705 | ||
| 008 | 110715n ii |||gr||||Z||||||eng | ||
| 040 | _cMAIN | ||
| 082 | _a330.01 | ||
| 100 | 1 |
_aMehrotra, S. N., _eAuthor. |
|
| 245 | 1 |
_aEconomic theory _cby S. N. Mehrotra |
|
| 250 | _a1st. | ||
| 260 |
_aGuahati: _bNew book stall,966. |
||
| 300 |
_axiv; 665p: _c23cm. |
||
| 653 | _aEconomics | ||
| 653 | _aeconomic theory | ||
| 942 | _cBK | ||
| 999 |
_c1590 _d1590 |
||